| 000 | nam a22 a 4500 | ||
|---|---|---|---|
| 999 |
_c1835 _d1835 |
||
| 003 | AKMAL | ||
| 005 | 20170512101140.0 | ||
| 008 | 170512s1999 xxk 00 eng d | ||
| 020 |
_a1901919250: _cRM 279.03 |
||
| 040 |
_aAKMAL _cAKMAL |
||
| 043 | _aa-my--- | ||
| 049 | 0 | 0 | _aklpmal |
| 082 | 0 | 4 | _a338.9595 OKP |
| 090 | 0 | 0 |
_a338.9595 _bOKP |
| 090 | 2 | 0 |
_a338.9595 _bOKP |
| 100 | 1 |
_aOkposin, Samuel Bassey _93373 |
|
| 245 | 1 | 4 |
_aThe changing phases of Malaysian economy / _cSamuel Bassey Okposin, Abdul Halim Abdul Hamid, Ong Hway Boon |
| 260 |
_aLondon : _bAsean Academic Press, _c1999 |
||
| 300 | 0 | 0 |
_a308p. : _bill. ; _c23cm |
| 500 | _aIncludes index | ||
| 504 | _aBibliography: p. 291-301 | ||
| 650 | 0 |
_aFinancial crisis _zMalaysia _962 |
|
| 650 | 0 |
_aFinancial services industry _zMalaysia _93806 |
|
| 650 | 0 |
_aInvestments, Foreign _zMalaysia _93807 |
|
| 651 | 0 |
_aMalaysia _xEconomic conditions _963 |
|
| 651 | 0 |
_aMalaysia _xEconomic policy _949 |
|
| 700 | 0 |
_aAbdul Halim Abdul Hamid _93376 |
|
| 700 | 1 |
_aOng, Hway Boon _93377 |
|
| 942 |
_2ddc _cBOOK |
||